Khatabat Hazrat Abdul Bahai (Record no. 460499)

MARC details
000 -LEADER
fixed length control field 00617nam a2200241Ia 4500
003 - CONTROL NUMBER IDENTIFIER
control field OSt
005 - DATE AND TIME OF LATEST TRANSACTION
control field 20220924145556.0
008 - FIXED-LENGTH DATA ELEMENTS--GENERAL INFORMATION
fixed length control field 220923b |||||||| |||| 00| 0 per d
037 ## - SOURCE OF ACQUISITION
Terms of availability Textual
040 ## - CATALOGING SOURCE
Original cataloging agency ARTS
Transcribing agency ARTS
Language of cataloging per
041 ## - LANGUAGE CODE
Source of code per
Language code of text/sound track or separate title per
100 ## - MAIN ENTRY--PERSONAL NAME
Personal name Zaki Farjullah Au.
9 (RLIN) 220064
245 #0 - TITLE STATEMENT
Title Khatabat Hazrat Abdul Bahai
260 ## - PUBLICATION, DISTRIBUTION, ETC.
Date of publication, distribution, etc. 1817
650 ## - SUBJECT ADDED ENTRY--TOPICAL TERM
Topical term or geographic name entry element ISLAM
9 (RLIN) 577
650 ## - SUBJECT ADDED ENTRY--TOPICAL TERM
Topical term or geographic name entry element IRAQ - HISTORY
942 ## - ADDED ENTRY ELEMENTS (KOHA)
Classification part Q7v45, 164A17
Koha item type Textual
Source of classification or shelving scheme Colon Classification (CC)
Holdings
Withdrawn status Lost status Damaged status Not for loan Home library Current library Date acquired Total Checkouts Full call number Barcode Date last seen Price effective from Koha item type
        Arts Library Arts Library 2022-09-24   Q7v45 164A17 AL0003140 2022-09-24 2022-09-24 Textual
Copyright @ Delhi University Library System